| 000 | 00610nam a2200193 a 4500 | ||
|---|---|---|---|
| 005 | 20230602063626.0 | ||
| 008 | 991125s1987 mx 000 0 spa u | ||
| 020 | _a9686173072 | ||
| 035 | _aUPN01000053716 | ||
| 049 | _aCG | ||
| 050 | 4 |
_aF1341 _aO7.8 |
|
| 100 | 1 |
_aOrtega Noriega, Sergio, _d1933- _929816 |
|
| 245 | 1 | 0 |
_aSinaloa : _buna historia compartida / _cSergio Ortega, Edgardo López Mañón. |
| 260 |
_aMéxico : _bGobierno del Estado de Sinaloa : _bInstituto Mora, _c1987. |
||
| 300 | _a115 p. | ||
| 651 | 2 |
_aSinaloa _xHistoria _923666 |
|
| 710 | 1 |
_aLópez Mañón, Edgardo, _ecoaut. |
|
| 905 | _aLibro | ||
| 999 |
_c53716 _d53716 |
||